| 000 | 00606nam a2200217 a 4500 | ||
|---|---|---|---|
| 999 |
_c1504 _d1504 |
||
| 001 | 1504 | ||
| 003 | BD-JhCC | ||
| 005 | 20171021093155.0 | ||
| 008 | 171021s 1980bg |||| ||a| 000 0 ben d | ||
| 035 | _a(BD-JhCC) 1504 | ||
| 040 |
_aBD-JhCC _dBD-JhCC |
||
| 041 | _aben | ||
| 082 |
_a891.443 _bHAS 1980 |
||
| 100 | _aহাশেম, দিলারা | ||
| 245 |
_aঘর মন জানালা / _c দিলারা হাশেম |
||
| 260 |
_aঢাকা: _bমুক্তধারা, _c1980 |
||
| 300 |
_a319 p .: _c22 cm. |
||
| 650 | _aBengali Novel | ||
| 942 |
_2ddc _cBK |
||